Loading...
| Fine Arts - Auditory Fine Arts | 1 | 5 | 0 | 0 | 65 | 60 | 106.33 | 1 | 6 |
| Literature - American Literature | 0 | 3 | 1 | 0 | 25 | 105 | 129.00 | 1 | 3 |
| Literature - European Literature | 0 | 2 | 0 | 0 | 20 | 132 | 138.00 | 0 | 1 |
| Literature - World Literature | 0 | 2 | 0 | 0 | 20 | 112 | 123.50 | 1 | 2 |
| Fine Arts - Visual Fine Arts | 0 | 2 | 1 | 0 | 15 | 74 | 77.50 | 1 | 2 |
| History - European History | 0 | 1 | 0 | 0 | 10 | 117 | 117.00 | 0 | 1 |
| History - Other History | 0 | 1 | 0 | 1 | 10 | 138 | 138.00 | 1 | 1 |
| Philosophy | 0 | 1 | 0 | 0 | 10 | 132 | 132.00 | 0 | 1 |
| Science - Other Science | 0 | 0 | 0 | 0 | 0 | 0.00 | 0 | 0 | |
| Pop Culture | 0 | 0 | 0 | 0 | 0 | 0.00 | 0 | 0 | |
| History - World History | 0 | 1 | 2 | 0 | 0 | 82 | 82.00 | 0 | 1 |